[Event "Gibraltar Amateur op-A"]
[Site "Caleta"]
[Date "2016.01.28"]
[Round "4"]
[White "Iglesias Fernandez, Luis"]
[Black "Dennis, Nigel W"]
[Result "1-0"]
[WhiteElo "1862"]
[BlackElo "1820"]
[PlyCount "69"]
[EventDate "2016.01.25"]
[EventType "swiss"]
[EventRounds "5"]
[EventCountry "GGB"]
[SourceTitle "CBM 170 Extra"]
[Source "ChessBase"]
[SourceDate "2016.02.25"]
[SourceVersion "1"]
[SourceVersionDate "2016.02.25"]
[SourceQuality "1"]

1. d4 Nf6 2. Nc3 d5 3. Bf4 e6 4. e3 a6 5. Bd3 c5 6. dxc5 Bxc5 7. Nf3 Nc6 8. 0-0 0-0 9. a3 b5 10. e4 d4 11. Ne2 Nh5 12. Bg5 f6 13. Bd2 e5 14. Nh4 g6 15. f4 exf4 16. Nxf4 Nxf4 17. Bxf4 g5 18. Qh5 gxf4 19. Qxc5 Ne5 20. Rxf4 Be6 21. Nf5 Qb8 22. Qe7 Bxf5 23. Rxf5 Ra7 24. Qe6+ Raf7 25. Rxf6 Nxd3 26. cxd3 Kg7 27. Rxf7+ Rxf7 28. Qg4+ Kh8 29. Rc1 Rf8 30. Qg5 Qe8 31. Rc7 Rf7 32. Rxf7 Qxf7 33. Qd8+ Kg7 34. Qxd4+ Kf8 35. Qc5+ 1-0

[Event "Gibraltar Masters 11th"]
[Site "Caleta"]
[Date "2013.01.29"]
[Round "8"]
[White "Tveten, Per"]
[Black "Iglesias Fernandez, Luis"]
[Result "0-1"]
[WhiteElo "1597"]
[BlackElo "1862"]
[PlyCount "172"]
[EventDate "2013.01.22"]
[EventType "swiss"]
[EventRounds "10"]
[EventCountry "GGB"]
[SourceTitle "CBM 153"]
[Source "ChessBase"]
[SourceDate "2013.03.14"]
[SourceVersion "1"]
[SourceVersionDate "2013.03.14"]
[SourceQuality "1"]

1. e4 e5 2. Nf3 Nc6 3. Bc4 Bc5 4. d3 Nf6 5. Nc3 d6 6. h3 Be6 7. Nd5 Bxd5 8. exd5 Na5 9. Bb5+ c6 10. dxc6 Bxf2+ 11. Ke2 bxc6 12. Bxc6+ Nxc6 13. Kxf2 Qb6+ 14. Kg3 Nh5+ 15. Kh2 Qf2 16. Rf1 Qg3+ 17. Kg1 0-0 18. Ng5 Qh4 19. Nf3 Qb4 20. c3 Qb6+ 21. d4 Ng3 22. Rf2 exd4 23. cxd4 Rae8 24. Bf4 Nf5 25. Qd3 Ncxd4 26. Nxd4 Nxd4 27. Be3 Rxe3 28. Qxe3 Rc8 29. Kh2 d5 30. g3 Ne6 31. Qf3 Ng5 32. Qf5 Rc7 33. Raf1 h6 34. Qxd5 Re7 35. h4 Qe6 36. Qa8+ Re8 37. Qxa7 Qh3+ 38. Kg1 Qxg3+ 39. Kh1 Qxh4+ 40. Rh2 Qe4+ 41. Rg2 Nf3 42. Qf2 Ng5 43. Qf4 Qd5 44. b3 Re2 45. Qg3 Rxa2 46. Kh2 Rxg2+ 47. Qxg2 Qxb3 48. Rf2 Qb8+ 49. Kh1 Qb1+ 50. Kh2 Qe4 51. Qg3 Qg6 52. Qb8+ Kh7 53. Qb3 Qh5+ 54. Kg2 Qg4+ 55. Kf1 Qd7 56. Qc2+ g6 57. Qb3 Qe6 58. Qd3 Qe5 59. Qc4 Kg7 60. Re2 Qf5+ 61. Rf2 Qb1+ 62. Kg2 Qe4+ 63. Qxe4 Nxe4 64. Ra2 g5 65. Kf3 f5 66. Ra5 Kg6 67. Ra6+ Nf6 68. Re6 h5 69. Re1 g4+ 70. Kf4 h4 71. Re5 Nh5+ 72. Ke3 Kg5 73. Re8 Nf4 74. Rg8+ Ng6 75. Kf2 h3 76. Rg7 f4 77. Rh7 h2 78. Kg2 g3 79. Rf7 f3+ 80. Kh1 f2 81. Rf3 Kh4 82. Rf4+ Kh5 83. Rf3 Nh4 84. Rxf2 gxf2 85. Kxh2 f1Q 86. Kg3 Qf3+ 0-1

[Event "Gibraltar Masters 11th"]
[Site "Caleta"]
[Date "2013.01.27"]
[Round "6"]
[White "Herbold, Manfred"]
[Black "Iglesias Fernandez, Luis"]
[Result "1-0"]
[WhiteElo "2164"]
[BlackElo "1862"]
[PlyCount "81"]
[EventDate "2013.01.22"]
[EventType "swiss"]
[EventRounds "10"]
[EventCountry "GGB"]
[SourceTitle "CBM 153"]
[Source "ChessBase"]
[SourceDate "2013.03.14"]
[SourceVersion "1"]
[SourceVersionDate "2013.03.14"]
[SourceQuality "1"]

1. Nf3 d6 2. d4 g6 3. c4 Bg7 4. Nc3 Nf6 5. e4 0-0 6. Be2 e5 7. 0-0 Nc6 8. d5 Ne7 9. Ne1 Nd7 10. Be3 f5 11. f3 f4 12. Bf2 g5 13. b4 Nf6 14. c5 Ng6 15. Rc1 Rf7 16. Nd3 Bf8 17. cxd6 cxd6 18. b5 h5 19. b6 g4 20. bxa7 g3 21. hxg3 fxg3 22. Bxg3 h4 23. Bf2 h3 24. g3 h2+ 25. Kh1 Nh5 26. f4 Nf6 27. f5 Ne7 28. g4 Bh6 29. Rb1 Nexd5 30. exd5 e4 31. Ne1 e3 32. Bh4 Qe8 33. Qd4 Bg7 34. g5 Ne4 35. Qxe4 Qxe4+ 36. Nxe4 Rxf5 37. Nxd6 Rxf1+ 38. Bxf1 Bg4 39. Rxb7 Rf8 40. Rb8 e2 41. Bg2 1-0

[Event "La Pobla de Lillet op 21st"]
[Site "La Pobla de Lillet"]
[Date "2011.08.02"]
[Round "1"]
[White "Oms Pallisse, Josep"]
[Black "Iglesias Fernandez, Luis"]
[Result "1-0"]
[WhiteElo "2489"]
[BlackElo "1843"]
[PlyCount "67"]
[EventDate "2011.08.02"]
[EventType "swiss"]
[EventRounds "9"]
[EventCountry "ESP"]
[SourceTitle "EXT 2015"]
[Source "ChessBase"]
[SourceDate "2014.11.20"]
[SourceVersion "1"]
[SourceVersionDate "2014.11.20"]
[SourceQuality "1"]

1. d4 e6 2. c4 Nf6 3. Nc3 d5 4. Nf3 Bb4 5. Bg5 Bxc3+ 6. bxc3 h6 7. Bxf6 Qxf6 8. e3 Nd7 9. cxd5 exd5 10. Qb3 c6 11. Bd3 0-0 12. 0-0 Nb6 13. a4 Rb8 14. a5 Na8 15. Ne5 Bf5 16. Bxf5 Qxf5 17. a6 f6 18. e4 Qe6 19. exd5 cxd5 20. Ng6 Rf7 21. Nf4 Qd6 22. Nxd5 bxa6 23. Ne7+ Kf8 24. Ng6+ Kg8 25. Qa2 Nc7 26. Nh8 Kxh8 27. Qxf7 Nd5 28. Rfe1 Nxc3 29. Re7 Rg8 30. Rae1 Qxd4 31. Qg6 Nd1 32. Re8 Qxf2+ 33. Kh1 Ne3 34. R8xe3 1-0

[Event "Huesca op 3rd"]
[Site "Huesca"]
[Date "2010.09.12"]
[Round "2"]
[White "Iglesias Fernandez, Luis"]
[Black "Salamero Pelay, Fernando"]
[Result "0-1"]
[WhiteElo "1834"]
[BlackElo "2135"]
[PlyCount "83"]
[EventDate "2010.09.11"]
[EventType "swiss"]
[EventRounds "6"]
[EventCountry "ESP"]
[SourceTitle "CBM 138 Extra"]
[Source "ChessBase"]
[SourceDate "2010.10.29"]
[SourceVersion "1"]
[SourceVersionDate "2010.10.29"]
[SourceQuality "1"]

1. e4 g6 2. d4 Bg7 3. Nc3 d6 4. Be3 a6 5. Be2 b5 6. a3 Bb7 7. Nf3 Nf6 8. e5 Nd5 9. Nxd5 Bxd5 10. c4 bxc4 11. Rc1 Nd7 12. exd6 cxd6 13. Bxc4 0-0 14. Bxd5 Qa5+ 15. Qd2 Qxd5 16. 0-0 Nb6 17. Bh6 Qb5 18. Bxg7 Kxg7 19. Qg5 Qxg5 20. Nxg5 Rfc8 21. Ne4 Rc4 22. Rfd1 Rac8 23. Rxc4 Rxc4 24. Nc3 d5 25. g3 e6 26. Kg2 Rc6 27. Re1 Nc4 28. Na4 Nd6 29. Rd1 Rc2 30. Kg1 Nc4 31. Rb1 a5 32. h4 h5 33. Kg2 Kf6 34. Kg1 Kf5 35. b4 Nxa3 36. Rb3 axb4 37. Rf3+ Ke4 38. Rf4+ Kd3 39. Nc5+ Kc4 40. Rxf7 e5 41. Rc7 Kxd4 42. Nb3+ 0-1